[Event "Bhubaneswar op 10th"]
[Site "Bhubaneswar"]
[Date "2017.05.29"]
[Round "5"]
[White "Sammed Jaykumar, Shete"]
[Black "Prasant, N Nayagam"]
[Result "1/2-1/2"]
[WhiteElo "2263"]
[BlackElo "2087"]
[PlyCount "92"]
[EventDate "2017.05.26"]
[EventType "swiss"]
[EventRounds "10"]
[EventCountry "IND"]
[SourceTitle "CBM 178 Extra"]
[Source "ChessBase"]
[SourceDate "2017.06.22"]
[SourceVersion "1"]
[SourceVersionDate "2017.06.22"]
[SourceQuality "1"]

1. e4 c5 2. Nf3 d6 3. Bb5+ Bd7 4. Bxd7+ Qxd7 5. c4 Nc6 6. Nc3 g6 7. d4 cxd4 8. Nxd4 Bg7 9. Be3 Nf6 10. f3 Rc8 11. b3 0-0 12. 0-0 a6 13. Qd3 Qd8 14. Rac1 Qa5 15. Rfd1 h5 16. Qd2 Kh7 17. Nxc6 Rxc6 18. a4 Rcc8 19. h3 Qb4 20. Qc2 Bh6 21. f4 h4 22. Kh1 Qa5 23. Qf2 Qh5 24. Nd5 Nxe4 25. Qe1 Ng3+ 26. Kh2 Nf5 27. Bf2 Bg7 28. a5 e6 29. Nb6 Rcd8 30. Qe4 Ng3 31. Qxb7 Ne2 32. Rc2 Nxf4 33. Qf3 Qxa5 34. c5 Be5 35. Nc4 Qb4 36. cxd6 Nd3+ 37. Nxe5 Nxe5 38. Qe3 Rxd6 39. Qxe5 Rxd1 40. Rc4 Rd5 41. Qf6 Qd2 42. Rxh4+ Rh5 43. Bd4 Qh6 44. Rg4 g5 45. Qe7 Rh4 46. Rxh4 gxh4 1/2-1/2

[Event "Bhubaneswar op 10th"]
[Site "Bhubaneswar"]
[Date "2017.05.27"]
[Round "2"]
[White "Prasant, N Nayagam"]
[Black "Sidhant, Mohapatra"]
[Result "0-1"]
[WhiteElo "2087"]
[BlackElo "2393"]
[PlyCount "112"]
[EventDate "2017.05.26"]
[EventType "swiss"]
[EventRounds "10"]
[EventCountry "IND"]
[SourceTitle "CBM 178 Extra"]
[Source "ChessBase"]
[SourceDate "2017.06.22"]
[SourceVersion "1"]
[SourceVersionDate "2017.06.22"]
[SourceQuality "1"]

1. d4 d5 2. Bf4 Nf6 3. e3 e6 4. c3 c5 5. Nd2 Nc6 6. Bd3 Be7 7. Ngf3 Nh5 8. Be5 a6 9. a3 Nxe5 10. Nxe5 Nf6 11. f4 Qc7 12. 0-0 b5 13. b4 c4 14. Bc2 0-0 15. Qf3 g6 16. Qh3 Kg7 17. Ndf3 a5 18. Ng5 Bd7 19. g4 h6 20. Ngf3 Ne4 21. Bxe4 dxe4 22. Nxd7 Qxd7 23. Ne5 Qd6 24. f5 Bf6 25. Qg3 g5 26. Rfd1 Rfe8 27. Rf1 axb4 28. fxe6 Rxe6 29. axb4 Rxa1 30. Rxa1 Bxe5 31. dxe5 Rxe5 32. Rf1 Qe6 33. Rd1 Rd5 34. Rd4 Rxd4 35. exd4 f5 36. gxf5 Qxf5 37. Qd6 Qg4+ 38. Kh1 Qf4 39. Qxf4 gxf4 40. Kg2 Kf6 41. Kf2 h5 42. Ke2 f3+ 43. Kf2 Kf5 44. Ke3 h4 45. h3 Kg5 46. d5 Kf5 47. Kf2 Ke5 48. d6 Kxd6 49. Ke3 Ke5 50. Kf2 Kf4 51. Kf1 Kg3 52. Kg1 e3 53. Kf1 Kxh3 54. Kg1 Kg3 55. Kf1 h3 56. Kg1 e2 0-1